Top 20 Most "High Tech" Countries - Statistics

General Stats
  • This quiz has been taken 164 times
  • The average score is 15 of 20
Answer Stats
Continent Answer % Correct
North America United States
98%
Europe Germany
96%
Asia Japan
96%
Asia China
95%
Europe France
95%
Asia South Korea
94%
North America Canada
93%
Europe United Kingdom
92%
Oceania Australia
87%
Europe Sweden
83%
Europe Russia
80%
Asia India
76%
Europe Finland
73%
Asia Singapore
72%
Europe Switzerland
72%
Asia Taiwan
70%
Europe Austria
67%
Asia Israel
60%
Europe Estonia
28%
Europe England
4%
No matching quizzes found
Score Distribution
Percent of People with Each Score
Percentile by Number Answered
Your Score History
You have not taken this quiz